Forma y Simetría (Record no. 12735)
[ view plain ]
| 000 -CABECERA | |
|---|---|
| campo de control de longitud fija | 00349nam a2200133 4500 |
| 005 - FECHA Y HORA DE LA ÚLTIMA TRANSACCIÓN | |
| campo de control | 20260530115258.0 |
| 100 1# - ENTRADA PRINCIPAL--NOMBRE DE PERSONA | |
| Nombre de persona | K.L. Wolf - D. Kuhn |
| 9 (RLIN) | 30857 |
| 245 10 - MENCIÓN DE TÍTULO | |
| Título | Forma y Simetría |
| 264 #1 - PRODUCCIÓN, PUBLICACIÓN, DISTRIBUCIÓN, FABRICACIÓN Y COPYRIGHT | |
| Nombre del de productor, editor, distribuidor, fabricante | Editorial Universitaria de BsAs |
| Fecha de producción, publicación, distribución, fabricación o copyright | 1959 |
| 300 ## - DESCRIPCIÓN FÍSICA | |
| Extensión | 56 páginas |
| 336 ## - TIPO DE CONTENIDO | |
| Término de tipo de contenido | texto |
| Fuente | rdacontent |
| 337 ## - TIPO DE MEDIO | |
| Nombre/término del tipo de medio | sin medio |
| Fuente | rdamedia |
| 338 ## - TIPO DE SOPORTE | |
| Nombre/término del tipo de soporte | volumen |
| Fuente | rdacarrier |
No items available.